000 00370nam a2200145Ia 4500
008 230917s9999||||xx |||||||||||||| ||und||
040 _e95704
_aMAIN
041 _aEnglish
082 _a352.054 V558I
100 _aVenkatesan, V
245 0 _aInstitutionalizing panchayati raj in India
260 _aNew Delhi
_bConcept
_c2002
300 _axvii, 224 p.
942 _cBK
999 _c113875
_d113875